Draw like the Masters (Record no. 241743)

MARC details
000 -LEADER
fixed length control field 00303pam a2200133 a 4500
020 ## - INTERNATIONAL STANDARD BOOK NUMBER
Terms of availability
041 ## - LANGUAGE CODE
Language code of original
082 ## - DEWEY DECIMAL CLASSIFICATION NUMBER
Classification number 743
Item number BAR
100 ## - MAIN ENTRY--PERSONAL NAME
Personal name Barrington Barber.
245 ## - TITLE STATEMENT
Title Draw like the Masters
Medium Textual Documents
260 ## - PUBLICATION, DISTRIBUTION, ETC.
Place of publication, distribution, etc. [s.l]:
Name of publisher, distributor, etc. Arcturus,
Date of publication, distribution, etc. 2014.
300 ## - PHYSICAL DESCRIPTION
Extent 128:
Other physical details paper.
930 ## - EQUIVALENCE OR CROSS-REFERENCE-UNIFORM TITLE HEADING [LOCAL, CANADA]
Uniform title 7953
Holdings
Withdrawn status Lost status Damaged status Not for loan Collection Home library Current library Date acquired Source of acquisition Cost, normal purchase price Total Checkouts Full call number Barcode Date last seen Date last checked out Copy number Price effective from Koha item type
          College of Fine Arts, Pune College of Fine Arts, Pune 18/03/2017 Bhararti Sahakari Grahak Bhandar 395.00 2 743 BAR FAP-8810 18/07/2025 18/07/2025 2 07/03/2023 Book
          College of Fine Arts, Pune College of Fine Arts, Pune 18/03/2017 Bhararti Sahakari Grahak Bhandar 395.00   743 BAR FAP-8809 07/03/2023   1 07/03/2023 Book